West Coast Cities - Sudden Death! - Statistics

General Stats
  • This quiz has been taken 37 times
  • The average score is 12 of 24
Answers on the Grid
Answers color-coded by a green-red scale on the quiz's grid according to % correct below.
Seattle
Everett
Tacoma
Spokane
Salem
Portland
Eugene
Bend
Anchorage
Juneau
Fairbanks
Honolulu
Hilo
San Francisco
Los Angeles
Oakland
San Diego
San Jose
Fresno
Sacramento
Bakersfield
Riverside
Eureka
Long Beach
San Antonio
Santa Fe
Boise
Reno
Las Vegas
Phoenix
Tucson
Myrtle Beach
Albuquerque
Denver
El Paso
Grand Island
Omaha
Cape Coral
Norfolk
Ann Arbor
 
Answer Stats
Answer % Correct
San Francisco
75%
Los Angeles
64%
San Diego
61%
Honolulu
57%
Juneau
57%
San Jose
57%
Anchorage
54%
Oakland
54%
Portland
54%
Seattle
54%
Sacramento
50%
Riverside
46%
Salem
46%
Tacoma
46%
Bend
43%
Eureka
43%
Fairbanks
43%
Fresno
43%
Hilo
43%
Long Beach
43%
Bakersfield
39%
Eugene
39%
Spokane
36%
Everett
32%
No matching quizzes found
Score Distribution
Percent of People with Each Score
Percentile by Number Answered
Your Score History
You have not taken this quiz